| 000 | 01105 a2200217 4500 | ||
|---|---|---|---|
| 003 | Nust | ||
| 005 | 20220725125357.0 | ||
| 010 | _a 2005042807 | ||
| 020 | _a026214087X (alk. paper) | ||
| 035 | _a(OCoLC)ocm57613551 | ||
| 040 | _cNust | ||
| 082 | 0 | 0 | _a004.16,NIS |
| 100 | 1 |
_aNisan, Noam. _994896 |
|
| 245 | 1 | 4 |
_aThe elements of computing systems : _bbuilding a modern computer from first principles / _cNoam Nisan, Shimon Schocken. |
| 260 |
_aCambridge, Mass. : _bMIT Press, _cc2005. |
||
| 300 |
_axiv, 325 p. : _bill. ; _c24 cm. |
||
| 505 | _aBoolean Logic (Page-7), Boolean Arithmetic (Page-29), Sequential Logic (Page-41), Machine Language (Page-57), Computer Architecture (Page-79), Assembler (Page-103), Virtual Machine 1: Stack Arithmetic (Page-121), Virtual Machine 2: Program Control (Page-153), High Level Language (Page-173), Compiler 1: Syntax Analysis (Page-199), Compiler 2: Code Generation (Page-223), Operating System (Page-247), Postscript : More Fun To Go (Page-277) | ||
| 650 | 0 | _aElectronic digital computers. | |
| 700 | 1 |
_aSchocken, Shimon. _994897 |
|
| 942 |
_2ddc _cBK _k004.16,NIS |
||
| 999 |
_c174760 _d174760 |
||